La educación fuera de la escuela: ámbitos no formales y educación social
Gespeichert in:
| 1. Verfasser: | |
|---|---|
| Format: | Buch |
| Sprache: | Spanisch |
| Veröffentlicht: |
Barcelona
Ariel
1996
|
| Ausgabe: | 2a. ed |
| Schriftenreihe: | Ariel, 114
|
| Schlagworte: | |
| Tags: |
Tag hinzufügen
Keine Tags, Fügen Sie den ersten Tag hinzu!
|
MARC
| LEADER | 00000nam a2200000 a 4500 | ||
|---|---|---|---|
| 001 | UCQ1380 | ||
| 003 | CL-VaPUC | ||
| 008 | 980710e19960000SP |||||||||||||||||spa|d | ||
| 082 | 0 | 4 | |a 370.19 |b TRI |2 21 |
| 100 | 0 | |a Trilla Bernet, Jaume |e author |9 415117 | |
| 245 | 1 | 0 | |a La educación fuera de la escuela: ámbitos no formales y educación social |
| 250 | |a 2a. ed | ||
| 300 | |a 276 p | ||
| 942 | |c BK | ||
| 945 | |d 19980710 00:00:00 |a aalvarez | ||
| 260 | |a Barcelona |b Ariel |c 1996 | ||
| 650 | 0 | |a Sociología de la educación |9 260380 | |
| 650 | 7 | |a SISTEMA EDUCACIONAL |2 CL-VaPUC |9 339433 | |
| 650 | 7 | |a EDUCACION NO FORMAL |2 CL-VaPUC |9 308640 | |
| 650 | 0 | |a Medios de comunicación |9 257206 | |
| 650 | 0 | |a Educación de adultos |9 307580 | |
| 650 | 7 | |a INADAPTACION SOCIAL |2 CL-VaPUC |9 358146 | |
| 583 | |a last modification |c 20160914 10:01:17 |k Rodrigo Vera | ||
| 490 | 0 | |a Ariel, 114 | |
| 999 | |c 272379 |d 272377 | ||
| 952 | |0 0 |1 0 |4 0 |6 370_190000000000000_TRI_1996 |7 0 |8 A |9 307286 |a BIBEDU |b BIBEDU |d 2019-11-20 |i 3440451 |l 1 |o 370.19 TRI 1996 |p 3440451 |r 2022-06-22 |s 2022-06-14 |w 2019-11-20 |y BK |k BME | ||